Statistiques concernant Les villes françaises visitées par la flamme olympique 1936-2008

Cliquez ici pour prendre le quiz!

Statistiques générales

  • Ce quiz a été pris 23 fois
  • Le résultat moyen est 23 sur 31

Statistiques - réponses

HintDépartementInitialeCommune% Correct
199259LLille
100%
199213MMarseille
100%
199275PParis
100%
200475PParis
100%
200875PParis
100%
196875PParis
100%
196833BBordeaux
95%
199233BBordeaux
95%
196869LLyon
95%
199269LLyon
95%
196806NNice
86%
196867SStrasbourg
86%
199267SStrasbourg
86%
196831TToulouse
86%
199231TToulouse
86%
200638GGrenoble
76%
196838GGrenoble
76%
199238GGrenoble
76%
19922AAAjaccio
71%
19682AAAjaccio
71%
199276LLe Havre
67%
196851RReims
67%
199221DDijon
62%
199234MMontpellier
57%
194854NNancy
57%
196854NNancy
57%
194862CCalais
48%
199287LLimoges
48%
199273AAlbertville
38%
200673AAlbertville
38%
196874CChamonix
19%

Distribution des résultats

Percentile par nombre de réponses

% des personnes avec chaque résultat

Votre développement - résultats

Vous n’avez pas pris ce quiz